000 00554nam a2200217Ia 4500
003 OSt
005 20220928145105.0
006 a|||||r|||| 00| 0
007 ta
008 220927b |||||||| |||| 00| 0 eng d
024 _a78680
037 _cTextual
040 _aSDCL
_cSDCL
_beng
041 _2eng
_aeng
082 _aY73(P1).2'A, N1
100 _aDhal Upendra Nath
_9511588
245 0 _aMahisasura in art and thought.
260 _c1991
942 _hY73(P1).2'A, N1
_cTEXL
_2CC
999 _c831881
_d831881